000 00645nam a2200277Ia 4500
005 20260121124518.0
008 008 260114s9999 xx 000 0 eng d
020 _a9780691242682
037 _aEBOOK
040 _aCRL
040 _beng
040 _cCRL
041 _2eng
041 _aeng
084 _qCRL
100 _aAlessandri, Mariana
_9977254
245 0 _aNight Vision
260 _bWalter de Gruyter
260 _bWalter de Gruyter
260 _c2023
650 _aPhilosophy
_9977255
856 _uhttp://www.degruyter.com/isbn/9780691242682
942 _cEBOOK
999 _c1555140
_d1555140